Religiöse Bildung in der Grundschule

Saved in:  
Bibliographic Details
Main Author: Freudenberger-Lötz, Petra 1966- (Author)
Format: Electronic Article
Language:German
Check availability: HBZ Gateway
Interlibrary Loan:Interlibrary Loan for the Fachinformationsdienste (Specialized Information Services in Germany)
Published: 2011
In: Theo-Web
Year: 2011, Volume: 10, Issue: 1, Pages: 35-54
Online Access: Volltext (kostenfrei)

MARC

LEADER 00000naa a22000002c 4500
001 1967462488
003 DE-627
005 20260327150205.0
007 cr uuu---uuuuu
008 260327s2011 xx |||||o 00| ||ger c
035 |a (DE-627)1967462488 
035 |a (DE-599)KXP1967462488 
040 |a DE-627  |b ger  |c DE-627  |e rda 
041 |a ger 
084 |a 1  |2 ssgn 
100 1 |e VerfasserIn  |0 (DE-588)128623454  |0 (DE-627)376566906  |0 (DE-576)173219659  |4 aut  |a Freudenberger-Lötz, Petra  |d 1966- 
109 |a Freudenberger-Lötz, Petra 1966-  |a Freudenberger, Petra 1966-  |a Lötz, Petra Freudenberger- 1966- 
245 1 0 |a Religiöse Bildung in der Grundschule 
264 1 |c 2011 
336 |a Text  |b txt  |2 rdacontent 
337 |a Computermedien  |b c  |2 rdamedia 
338 |a Online-Ressource  |b cr  |2 rdacarrier 
601 |a Bildung 
601 |a Grundschule 
773 0 8 |i Enthalten in  |t Theo-Web  |d [Frankfurt] : DIPF – Leibniz-Institut für Bildungsforschung und Bildungsinformation, 2002  |g 10(2011), 1, Seite 35-54  |h Online-Ressource  |w (DE-627)375966684  |w (DE-600)2129396-X  |w (DE-576)281238162  |x 1863-0502  |7 nnas 
773 1 8 |g volume:10  |g year:2011  |g number:1  |g pages:35-54 
856 4 0 |u https://www.theo-web.de/zeitschrift/ausgabe-2011-01/  |x Verlag  |z kostenfrei  |3 Volltext  |7 0 
951 |a AR 
ELC |a 1 
LOK |0 000 xxxxxcx a22 zn 4500 
LOK |0 001 4943767117 
LOK |0 003 DE-627 
LOK |0 004 1967462488 
LOK |0 005 20260327140322 
LOK |0 008 260327||||||||||||||||ger||||||| 
LOK |0 040   |a DE-Tue135  |c DE-627  |d DE-Tue135 
LOK |0 092   |o n 
LOK |0 852   |a DE-Tue135 
LOK |0 852 1  |9 00 
LOK |0 935   |a ixzs  |a ixzo  |a ixrk 
LOK |0 939   |a 2026-03-27  |b l01 
OAS |a 1 
ORI |a TA-MARC-ixtheoa001.raw